部首为虫的常见中文汉字 Common Chinese characters with the radical “Insect” - Statistics

General Stats
  • This quiz has been taken 30 times
  • The average score is 75 of 158
Answer Stats
拼音首字母 笔画数 汉字 % Correct
c 6
92%
d 15
88%
h 15
88%
s 11
88%
z 12
88%
z 14
88%
f 13
85%
ɡ 10
85%
l 14
85%
m 9
85%
w 13
85%
c 10
81%
h 15
81%
y 9
81%
y 14
81%
z 11
81%
c 14
77%
e 13
77%
m 14
77%
t 12
77%
w 10
77%
x 15
77%
l 17
73%
q 14
73%
x 14
73%
z 17
73%
m 9
69%
q 11
69%
t 17
69%
w 12
69%
w 13
69%
x 9
69%
y 13
69%
y 14
69%
h 9
65%
l 11
65%
m 16
65%
s 12
65%
x 19
65%
y 10
65%
f 13
62%
ɡ 14
62%
q 12
62%
a 16
58%
b 15
58%
c 11
58%
c 19
58%
f 15
58%
ɡ 11
58%
l 14
58%
l 15
58%
m 14
58%
m 16
58%
r 20
58%
s 17
58%
x 17
58%
y 11
58%
y 15
58%
c 13
54%
c 21
54%
d 10
54%
f 14
54%
h 12
54%
h 12
54%
k 15
54%
m 16
54%
p 14
54%
p 16
54%
q 11
54%
t 13
54%
y 10
54%
y 12
54%
z 9
54%
b 10
50%
h 10
50%
h 17
50%
s 8
50%
z 11
50%
z 12
50%
h 11
46%
j 12
46%
r 15
46%
x 10
46%
y 16
46%
z 12
46%
c 10
42%
d 11
42%
k 12
42%
l 13
42%
l 19
42%
m 16
42%
q 7
42%
x 16
42%
y 15
42%
z 13
42%
c 9
38%
c 16
38%
f 15
38%
l 11
38%
p 17
38%
d 24
35%
j 12
35%
k 15
35%
m 15
35%
m 19
35%
p 10
35%
q 12
35%
q 13
35%
q 26
35%
r 10
35%
s 9
35%
s 13
35%
s 15
35%
f 10
31%
h 19
31%
j 10
31%
l 21
31%
n 12
31%
q 14
31%
w 14
31%
ɡ 11
27%
j 8
27%
m 12
27%
m 12
27%
q 14
27%
r 11
27%
s 13
27%
z 17
27%
h 18
23%
s 18
23%
t 16
23%
y 11
23%
b 11
19%
c 15
19%
c 17
19%
f 15
19%
ɡ 9
19%
ɡ 14
19%
m 17
19%
p 18
19%
p 18
19%
r 16
19%
s 13
19%
x 17
19%
y 15
19%
b 14
15%
m 20
15%
t 14
15%
y 12
15%
y 14
15%
h 9
12%
n 15
12%
q 12
12%
q 16
12%
s 9
12%
j 23
8%
b 20
4%
l 19
4%
No matching quizzes found
Score Distribution
Percent of People with Each Score
Percentile by Number Answered
Your Score History
You have not taken this quiz